| 000 -LEADER |
| fixed length control field |
00668cam a2200217 i 4500 |
| 001 - CONTROL NUMBER |
| control field |
17972732 |
| 005 - DATE AND TIME OF LATEST TRANSACTION |
| control field |
20220427125115.0 |
| 008 - FIXED-LENGTH DATA ELEMENTS--GENERAL INFORMATION |
| fixed length control field |
131216s2013 enka b 001 0 eng |
| 020 ## - INTERNATIONAL STANDARD BOOK NUMBER |
| International Standard Book Number |
9789350259375 |
| 041 ## - LANGUAGE CODE |
| Language code of text/sound track or separate title |
eng |
| 080 ## - UNIVERSAL DECIMAL CLASSIFICATION NUMBER |
| Universal Decimal Classification number |
615 T-86 |
| 100 ## - MAIN ENTRY--PERSONAL NAME |
| Personal name |
Tripathi, K. D., |
| 9 (RLIN) |
8878 |
| 245 10 - TITLE STATEMENT |
| Title |
Essentials of medical pharmacology / |
| Statement of responsibility, etc. |
K.D. Tripathi. |
| 250 ## - EDITION STATEMENT |
| Edition statement |
Seventh edition. |
| 264 #1 - PRODUCTION, PUBLICATION, DISTRIBUTION, MANUFACTURE, AND COPYRIGHT NOTICE |
| Place of production, publication, distribution, manufacture |
New Delhi : |
| Name of producer, publisher, distributor, manufacturer |
Jaypee Brothers Medical Publishers (P), Ltd., |
| Date of production, publication, distribution, manufacture, or copyright notice |
2013. |
| 300 ## - PHYSICAL DESCRIPTION |
| Extent |
1002 pages : |
| Other physical details |
color illustrations ; |
| Dimensions |
25 cm. |
| 653 ## - INDEX TERM--UNCONTROLLED |
| keyword |
Pharmacology. |
| 653 ## - INDEX TERM--UNCONTROLLED |
| keyword |
ფარმაკოლოგია |
| 653 ## - INDEX TERM--UNCONTROLLED |
| keyword |
Pharmaceutical technology. |
| 942 ## - ADDED ENTRY ELEMENTS (KOHA) |
| Source of classification or shelving scheme |
|
| Koha item type |
წიგნი |